Le destin de Babel : Une histoire européenne (notice n° 1568534)

détails MARC
000 -LEADER
fixed length control field 01688cam a2200133 4500500
005 - DATE AND TIME OF LATEST TRANSACTION
control field 20251214004415.0
041 ## - LANGUAGE CODE
Language code of text/sound track or separate title fre
042 ## - AUTHENTICATION CODE
Authentication code dc
100 10 - MAIN ENTRY--PERSONAL NAME
Personal name Wirth, Laurent
Relator term author
245 00 - TITLE STATEMENT
Title Le destin de Babel : Une histoire européenne
260 ## - PUBLICATION, DISTRIBUTION, ETC.
Name of publisher, distributor, etc. Armand Colin,<br/>
Date of publication, distribution, etc. 2021.<br/>
520 ## - SUMMARY, ETC.
Summary, etc. À l’image des constructeurs de la tour de Babel, les populations européennes furent marquées du sceau de la diversité. Depuis l’invention de l’Europe par les Anciens, l’histoire du continent a été rythmée par de grandes pulsations entre unité et divisions. Les principes qui pouvaient faire son union portaient souvent en eux les germes de sa désunion  : la chrétienté était grosse de schismes, les «  Lumières  » l’étaient de l’affirmation des nations, et la suprématie de l’Europe des rivalités entre ses puissances. La République des Lettres et l’Europe des Lumières se sont disloquées dans de terribles conflits, jusqu’aux grands massacres du XXe siècle qui ont fait de l’Europe le continent des ténèbres. Malgré une aspiration à l’unité et des rêves de «  paix perpétuelle  », l’histoire de l’Europe s’est largement écrite «  par le fer et par le sang  ». Une réflexion globale sur cette histoire, non seulement politique et sociale mais aussi culturelle, de l’Antiquité à nos jours, permet de comprendre la difficile construction de l’unité de l’Europe et d’une identité européenne, alors même que les identités se fondent généralement sur la démarcation, voire le rejet de l’altérité.
856 41 - ELECTRONIC LOCATION AND ACCESS
Uniform Resource Identifier <a href="https://shs.cairn.info/le-destin-de-babel--9782200631789?lang=fr&redirect-ssocas=7080">https://shs.cairn.info/le-destin-de-babel--9782200631789?lang=fr&redirect-ssocas=7080</a>

Pas d'exemplaire disponible.

PLUDOC

PLUDOC est la plateforme unique et centralisée de gestion des bibliothèques physiques et numériques de Guinée administré par le CEDUST. Elle est la plus grande base de données de ressources documentaires pour les Étudiants, Enseignants chercheurs et Chercheurs de Guinée.

Adresse

627 919 101/664 919 101

25 boulevard du commerce
Kaloum, Conakry, Guinée

Réseaux sociaux

Powered by Netsen Group @ 2025